000 00449nam a22001457a 4500
020 _a0-439-16022-7
082 _a823
_bMOO/B
100 _aMOONEY, E.S
245 _aBLOSSOMING OUT
260 _aUK
_bSCHOLASTIC INC
_c2000
300 _a57
520 _aAs leader of the Powerpuff Girls, Blossom begins to let the power go to her head, but her sisters know how to give her a reality check before it's too late.
650 _aSHORT STORY
942 _cBK
999 _c6457
_d6457